| 000 | 00679cam a2200265 4500 | ||
|---|---|---|---|
| 008 | 090401t1997 xxu||||| |||| 00| 0 eng d | ||
| 020 | _a0419213600 | ||
| 035 | _a(Sirsi) u78547 | ||
| 041 | _aeng | ||
| 050 | _a711.52 | ||
| 245 | _aReclaiming the city : mixed use development. | ||
| 260 |
_aLondon _bE & F N Spon _c1997 |
||
| 300 | _a296p. : ill. ; 24cm. | ||
| 350 | _a29.95 | ||
| 650 | _aCITIES | ||
| 650 | _aMIXED-USE DEVELOPMENTS | ||
| 650 | _aSUSTAINABLE DEVELOPMENT | ||
| 650 | _aURBAN AREAS | ||
| 650 | _aURBAN DESIGN | ||
| 650 | _aURBAN DEVELOPMENT | ||
| 690 | _aURBAN RENEWAL | ||
| 700 |
_aCoupland, Andy _xEditor |
||
| 942 | _n0 | ||
| 948 | _c27/05/1997 | ||
| 999 |
_c96460 _d96460 |
||